| 000 | 00704nam a22002177a 4500 | ||
|---|---|---|---|
| 003 | UA-OsUOA | ||
| 001 | 55042 | ||
| 007 | ta | ||
| 008 | 20080806b un ||||| |||| 00| 0 ukr d | ||
| 090 |
_a349.6(477)/075.8 _bП77 |
||
| 942 | _cBK | ||
| 040 |
_aUA-OsUOA _bukr _cUA-OsUOA _dUA-OsUOA |
||
| 245 |
_aПриродноресурсове право України _bНавчальний посібник _cЗа ред.І.І.Каракаша |
||
| 300 | _a376 с. | ||
| 955 | _a2 | ||
| 041 | _aukr | ||
| 080 | _a349.6(477)/075.8 | ||
| 260 |
_aК. _bІстина _c2005 |
||
| 650 | 7 |
_a349.6 Правові проблеми охорони навколишнього середовища _2UDC |
|
| 999 |
_c341121 _d341121 |
||